Logo

Description automatically generated
विद्यार्जन
 संसाधन केंद्र, भारतीय प्रौद्योगिकी संस्थान इन्दौर
Learning Resource Center, Indian Institute of Technology Indore

ऑनलाइन सार्वजनिक अभिगम प्रसूची
Online Public Access Catalogue (OPAC)

We can do it : thoughts for change (Record no. 57332)

MARC details
000 -LEADER
fixed length control field 00582nam a2200217Ia 4500
005 - DATE AND TIME OF LATEST TRANSACTION
control field 20260629163255.0
008 - FIXED-LENGTH DATA ELEMENTS--GENERAL INFORMATION
fixed length control field 260629s9999||||xx |||||||||||||| ||und||
020 ## - INTERNATIONAL STANDARD BOOK NUMBER
International Standard Book Number 9789350497630
Qualifying information pbk
082 ## - DEWEY DECIMAL CLASSIFICATION NUMBER
Classification number 338.954
Item number KAL
100 ## - MAIN ENTRY--PERSONAL NAME
Personal name Kalam, A. P. J. Abdul
245 #0 - TITLE STATEMENT
Title We can do it : thoughts for change
260 ## - PUBLICATION, DISTRIBUTION, ETC.
Place of publication, distribution, etc. [S.l.]
Name of publisher, distributor, etc. Pentagon Press
Date of publication, distribution, etc. 2014
300 ## - PHYSICAL DESCRIPTION
Extent xxv, 289p. ; 23cm.
653 ## - INDEX TERM--UNCONTROLLED
Uncontrolled term India—Economic policy
653 ## - INDEX TERM--UNCONTROLLED
Uncontrolled term Leadership
653 ## - INDEX TERM--UNCONTROLLED
Uncontrolled term Nation-building
653 ## - INDEX TERM--UNCONTROLLED
Uncontrolled term Social change
653 ## - INDEX TERM--UNCONTROLLED
Uncontrolled term Success
700 ## - ADDED ENTRY--PERSONAL NAME
Personal name Pillai, A. Sivathanu
942 ## - ADDED ENTRY ELEMENTS (KOHA)
Koha item type Book
Holdings
Withdrawn status Lost status Damaged status Not for loan Home library Current library Shelving location Date acquired Source of acquisition Total Checkouts Full call number Barcode Date last seen Price effective from Koha item type
        LRC, IIT Indore LRC, IIT Indore 3rd Floor - General Stack 29/06/2026 Gratis Book Price: INR 399.00   338.954 KAL G2557 29/06/2026 29/06/2026 Book
Copyright © 2017-2026 Indian Institute of Technology Indore. All Rights Reserved.
Managed & maintained by Learning Resource Center, IIT Indore